Histoire par lettre - N - Statistiques

Statistiques générales
  • Ce quiz a été pris 154 fois
  • Le résultat moyen est 10 sur 15
Statistiques - réponses
Questions Réponses % Correct
Quelle cathédrale française est l'un des monuments français les plus visités ? Notre-Dame de Paris
97%
Quel général a été vaincue lors de la Campagne de Russie puis lors de la bataille de Waterloo ? Napoléon Bonaparte
96%
Quelle ville a été visée par la bombe Fat Man ? Nagasaki
94%
Quelle idéologie politique régnait en Allemagne de 1933 à 1945 ? Nazisme
93%
Quelle ville a été le théâtre d'un célèbre procès s'étant déroulé en 1945-1946 ? Nuremberg
92%
Quelle ville actuelle est située au pied du Vésuve ? Naples
88%
Quelle reine d'Egypte était la femme d'Akhenaton ? Néfertiti
84%
Quel homme politique est le dernier empereur romain de la dynastie Julio-Claudienne jusqu'en 68? Néron
78%
Quelle ville a été rattachée à la France en 1860, au même titre que la Savoie ? Nice
72%
Quel homme a dirigé la France de 1848 à 1870 ? Napoléon III
57%
Quel maréchal fidèle de celui-ci a été fusillé en Décembre 1815 ? Michel Ney
46%
Quelle ville a été le siège d'un massacre, perpétré par les Japonais, en 1937, en Chine ? Nankin
46%
Quel homme politique est devenu le leader politique le plus important de l'Inde au lendemain de l'indépendance en 1947 ? Jawaharlal Nehru
33%
Quel homme politique athénien a laissé son nom à une paix de 415, pendant la Guerre du Péloponnèse ? Nicias
6%
Quel président a dirigé le Kazakhstan entre 1991 et 2015 ? Noursoultan Nazarbaïev
6%
Aucun quiz correspondant
Distribution des résultats
% des personnes avec chaque résultat
Percentile par nombre de réponses
Votre historique - résultats
Vous n’avez pas pris ce quiz